000
00307 a2200157 4500
001
64482
020
_a
0137377762
040
_c
Anchieta - Pituba
100
_a
McMurry, John
240
1
0
_a
Chemistry
_l
eng
245
1
0
_a
Chemistry
300
_a
1025
362
0
_a
1998
650
4
_a
QuĂmica
942
_c
BK
999
_c
64482
_d
64482